Factors that influence students to take mechanical technology as a specialization at CvSU-Rosario / (Record no. 3916)

MARC details
000 -LEADER
fixed length control field 01168nam a22002657a 4500
003 - CONTROL NUMBER IDENTIFIER
control field OSt
005 - DATE AND TIME OF LATEST TRANSACTION
control field 20250320234444.0
008 - FIXED-LENGTH DATA ELEMENTS--GENERAL INFORMATION
fixed length control field 250307b ||||| |||| 00| 0 eng d
040 ## - CATALOGING SOURCE
Language of cataloging English.
Transcribing agency CvSU-CCAT Campus Library.
Description conventions rda.
050 ## - LIBRARY OF CONGRESS CALL NUMBER
Classification number UM LC 1045
Item number Y66 2009
100 ## - MAIN ENTRY--PERSONAL NAME
Personal name Yongis, Guillvher B., author.
9 (RLIN) 14732
245 ## - TITLE STATEMENT
Title Factors that influence students to take mechanical technology as a specialization at CvSU-Rosario /
Statement of responsibility, etc. Guillvher B. Yongis.
260 ## - PUBLICATION, DISTRIBUTION, ETC.
Place of publication, distribution, etc. Rosario, Cavite :
Name of publisher, distributor, etc. Cavite State University-CCAT Campus,
Date of publication, distribution, etc. 2009
300 ## - PHYSICAL DESCRIPTION
Extent viii, 29 leaves :
Other physical details illustrations ;
Dimensions 28 cm
500 ## - GENERAL NOTE
General note Undergraduate Thesis (BSIE Major in Mechanical Technology) -- Cavite State University-CCAT Campus, 2009.
504 ## - BIBLIOGRAPHY, ETC. NOTE
Bibliography, etc. note Includes bibliographical references and appendices.
546 ## - LANGUAGE NOTE
Language note In English text
650 ## - SUBJECT ADDED ENTRY--TOPICAL TERM
Topical term or geographic name entry element Mechanical Technology Sepcialization.
9 (RLIN) 15301
650 ## - SUBJECT ADDED ENTRY--TOPICAL TERM
Topical term or geographic name entry element Career choice factors.
9 (RLIN) 15302
650 ## - SUBJECT ADDED ENTRY--TOPICAL TERM
Topical term or geographic name entry element Student preferences.
9 (RLIN) 15303
650 ## - SUBJECT ADDED ENTRY--TOPICAL TERM
Topical term or geographic name entry element Technical education -- Vocational studies.
9 (RLIN) 15304
700 ## - ADDED ENTRY--PERSONAL NAME
Personal name Berbie, Lucila C., adviser.
9 (RLIN) 8788
942 ## - ADDED ENTRY ELEMENTS (KOHA)
Source of classification or shelving scheme Library of Congress Classification
Koha item type Thesis/Manuscripts/Dissertations
Call number prefix UM
Classification part LC 1045 Y66 2009
Holdings
Withdrawn status Lost status Source of classification or shelving scheme Damaged status Not for loan Collection code Home library Current library Shelving location Date acquired Coded location qualifier Full call number Barcode Date last seen Copy number Price effective from Koha item type
    Library of Congress Classification     Thesis/Manuscript/Dissertation Cavite State University - CCAT Campus Cavite State University - CCAT Campus TH 07/06/2009 UM UM LC 1045 Y66 2009 T0000452 10/24/2025 1 03/07/2025 Thesis/Manuscripts/Dissertations